[Event "IND-ch U20"]
[Site "Sivakasi"]
[Date "1999.??.??"]
[Round "?"]
[White "Kumaresh, P."]
[Black "Prathamesh, Sunil Mokal"]
[Result "1/2-1/2"]
[WhiteElo "2135"]
[BlackElo "2195"]
[PlyCount "51"]
[EventDate "1999.12.24"]
[EventType "swiss"]
[EventRounds "9"]
[EventCountry "IND"]
[EventCategory "1"]
[SourceTitle "EXT 2003"]
[Source "ChessBase"]
[SourceDate "2002.11.25"]
[SourceVersion "1"]
[SourceVersionDate "2002.11.25"]
[SourceQuality "1"]

1. d4 Nf6 2. Nf3 b6 3. Bg5 Bb7 4. Nbd2 e6 5. e3 h6 6. Bh4 c5 7. c3 Be7 8. Bd3 d5 9. 0-0 0-0 10. Ne5 Qc7 11. Qe2 Ne4 12. Bxe7 Qxe7 13. f4 Nxd2 14. Qxd2 Ba6 15. Bxa6 Nxa6 16. Qd3 Nc7 17. Rad1 c4 18. Qe2 Ne8 19. e4 Nf6 20. exd5 exd5 21. Rfe1 Rfe8 22. Qf3 Qc7 23. Re3 Re7 24. Rde1 Rae8 25. g4 Ne4 26. f5 1/2-1/2